| 000 | 00944nam a22002177a 4500 | ||
|---|---|---|---|
| 008 | 121126t xxu||||| |||| 00| 0 eng d | ||
| 020 | _a0262021145 | ||
| 050 | _aHB601.B53 | ||
| 100 | _aBlinder, Alan S. | ||
| 245 |
_aToward an economic theory of income distribution. / _cAlan S. Blinders |
||
| 260 |
_aCambrigde: _bMIT Press, _c1974. |
||
| 300 |
_ax,176 p.: _c24cm. |
||
| 500 | _aIncludes index and bibliographical references. | ||
| 505 | _aContents: Desiderata for an economic theory of size distribution -- A life - cycle model of consumption and bequest behaviour -- Labor - leisure choices and the distribution of earnings -- Simulating the united states income distribution -- The decomposition of inequality -- Some redistributional policies -- Conclusion | ||
| 650 | _aIncome | ||
| 650 | _aMathematical models | ||
| 650 | _aUnited States | ||
| 650 | _aCapitalist countries | ||
| 650 | _aEconometric models | ||
| 942 |
_2lcc _cBK |
||
| 999 |
_c2591 _d10091 |
||